000 00327nam a2200145Ia 4500
999 _c13992
_d13992
003 OSt
005 20260416164102.0
008 260210s9999 xx 000 0 und d
020 _a9788195549351
082 _a726.143 FER
100 _aFergusson
245 4 _aThe Cave Temples of India
260 _bKaveri
942 _cRD
_2ddc